000 00662nam a2200229Ia 4500
003 OSt
005 20220926005426.0
006 a|||||r|||| 00| 0
007 ta
008 220923b |||||||| |||| 00| 0 eng d
037 _cGeneral Book
040 _aRTL
_cRTL
_beng
041 _2eng
_aeng
082 _aU215:2.N8, M9
100 _aDas S M
_9310284
245 0 _aHandbook of limnology and water pollution
_b With p
260 _a New Delhi
_bSouth Asian Publishers India
_c1989
300 _aviii,174p. Bib p. 150-67
_ccm.
650 _aGeomorphology
942 _hU215:2.N8, M9
_cGB
_2CC
999 _c613804
_d613804